All teams qualified for Champions and Europa League 2018/19 - Statistics

General Stats
  • This quiz has been taken 40 times
    21 since last reset
  • The average score is 83 of 237
Answer Stats
Hint Answer % Correct
Italy AC Milan
93%
England Arsenal
93%
Spain Atlético Madrid
93%
Germany Borussia Dortmund
93%
England Chelsea
93%
Italy Inter Milan
93%
England Liverpool
93%
England Manchester City
93%
Italy Napoli
93%
England Tottenham Hotspur
93%
Spain Valencia
93%
Netherlands Ajax
86%
Spain Barcelona
86%
Germany Bayer Leverkusen
86%
Germany Bayern München
86%
Scotland Celtic
86%
Netherlands Feyenoord
86%
Italy Juventus
86%
Italy Lazio
86%
England Manchester United
86%
France Olympique Lyon
86%
France Olympique Marseille
86%
Netherlands PSV Eindhoven
86%
Scotland Rangers
86%
Spain Real Madrid
86%
Italy Roma
86%
Portugal Benfica
79%
Russia CSKA Moscow
79%
Turkey Galatasaray
79%
Poland Legia Warszawa
79%
Greece Olympiacos
79%
France Paris Saint-Germain
79%
Portugal Porto
79%
Germany RB Leipzig
79%
Czech Republic Sparta Prague
79%
Portugal Sporting Braga
79%
Spain Villarreal
79%
Cyprus APOEL
71%
Kazakhstan Astana
71%
Italy Atalanta
71%
Belgium Club Brugge
71%
Denmark Copenhagen
71%
Serbia Crvena Zvezda
71%
Croatia Dinamo Zagreb
71%
Ukraine Dynamo Kyiv
71%
Turkey Fenerbahçe
71%
Belgium Gent
71%
Serbia Partizan Belgrade
71%
Germany Schalke 04
71%
Spain Sevilla
71%
Czech Republic Slavia Prague
71%
Russia Spartak Moscow
71%
Portugal Sporting CP
71%
Switzerland Young Boys
71%
Belgium Anderlecht
64%
Netherlands AZ Alkmaar
64%
Switzerland Basel
64%
Turkey Besiktas
64%
Bulgaria CSKA Sofia
64%
Germany Eintracht Frankfurt
64%
Belgium Genk
64%
Croatia Hajduk Split
64%
Finland HJK Helsinki
64%
Turkey Istanbul Basaksehir
64%
France Monaco
64%
Spain Real Betis
64%
Norway Rosenborg
64%
Ukraine Shakhtar Donetsk
64%
Belgium Standard Liège
64%
Czech Republic Viktoria Plzen
64%
Russia Zenit
64%
Switzerland Zurich
64%
Greece AEK Athens
57%
Belarus BATE Borisov
57%
Russia Krasnodar
57%
Russia Lokomotiv Moscow
57%
Israel Maccabi Tel Aviv
57%
Sweden Malmö FF
57%
Greece PAOK Thessaloniki
57%
Azerbaijan Qarabag
57%
Scotland Aberdeen
50%
Hungary Ferencvarós
50%
France Girondins Bordeaux
50%
Germany Hoffenheim
50%
Bulgaria Ludogorets Razgrad
50%
Slovenia Maribor
50%
Norway Molde
50%
Austria Red Bull Salzburg
50%
Bosnia & Herzegovina Sarajevo
50%
Slovakia Slovan Bratislava
50%
France Stade Rennais
50%
Denmark Aalborg
43%
Sweden AIK
43%
Romania Cluj
43%
Ireland Dundalk
43%
Scotland Hibernian
43%
Poland Lech Poznan
43%
Latvia Riga
43%
Croatia Rijeka
43%
Moldova Sheriff Tiraspol
43%
Wales The New Saints
43%
Liechtenstein Vaduz
43%
Israel Beitar Jerusalem
36%
Georgia Dinamo Tbilisi
36%
Austria LASK Linz
36%
Bulgaria Levski Sofia
36%
Denmark Midtjylland
36%
Austria Rapid Wien
36%
Ireland Shamrock Rovers
36%
Austria Sturm Graz
36%
Malta Valletta FC
36%
Faroe Islands B36 Tórshavn
29%
England Burnley
29%
Luxembourg F91 Dudelange
29%
Romania FCSB
29%
Estonia Flora Tallinn
29%
Israel Hapoel Beer Sheva
29%
Gibraltar Lincoln Red Imps
29%
Croatia Osijek
29%
Cyprus Apollon Limassol
21%
Ireland Cork City
21%
Hungary MOL Vidi
21%
Albania Partizani Tirana
21%
Kosovo Prishtina
21%
Switzerland Sankt Gallen
21%
Slovakia Spartak Trnava
21%
Romania Universitatea Craiova
21%
Macedonia Vardar Skopje
21%
Austria Admira Wacker
14%
Hungary Budapest Honved
14%
Northern Ireland Cliftonville
14%
Northern Ireland Coleraine
14%
Ireland Derry City
14%
Belarus Dynamo Minsk
14%
Gibraltar Europa
14%
Kazakhstan Kairat Almaty
14%
Slovenia Olimpija Ljubljana
14%
Serbia Radnicki Nis
14%
Portugal Río Ave
14%
Russia Ufa
14%
Hungary Ujpest
14%
Faroe Islands Vikingur Gota
14%
Netherlands Vitesse
14%
Ukraine Zorya Lugansk
14%
Cyprus AEK Larnaca
7%
Cyprus Anorthosis Famagusta
7%
Greece Asteras Tripolis
7%
Greece Atromitos
7%
Montenegro Buducnost Podgorica
7%
Wales Connah's Quay
7%
Northern Ireland Crusaders
7%
Finland FC Lahti
7%
Luxembourg Fola Esch
7%
Northern Ireland Glenavon
7%
Israel Hapoel Haifa
7%
Kazakhstan Irtysh Pavlodar
7%
Czech Republic Jablonec
7%
Poland Jagiellonia
7%
Norway Lillestrom
7%
Switzerland Luzern
7%
Montenegro Mladost Podgorica
7%
Azerbaijan Neftchi Bakú
7%
Denmark Nordsjaelland
7%
Armenia Pyunik
7%
Azerbaijan Qabala
7%
Macedonia Rabotnicki
7%
Andorra Santa Coloma
7%
Norway Sarpsborg 08
7%
Belarus Shakhtyor Salihorsk
7%
Macedonia Shkendija 79
7%
Czech Republic Sigma Olomouc
7%
Bosnia & Herzegovina Siroki Brijeg
7%
Serbia Spartak Subotica
7%
Montenegro Sutjeska Niksic
7%
Georgia Torpedo Kutaisi
7%
San Marino Tre Fiori
7%
Latvia Ventspils
7%
Romania Viitorul Constanta
7%
Lithuania Zalgiris Vilnius
7%
Bosnia & Herzegovina Zeljeznicar
7%
Bosnia & Herzegovina Zrinjski Mostar
7%
Turkey Akhisar Belediyespor
0%
Armenia Alashkert
0%
Wales Bala Town
0%
Malta Balzan Youths
0%
Armenia Banants
0%
Malta Birkirkara
0%
Wales Cefn Druids
0%
Georgia Chikhura Sachkere
0%
Slovakia DAC Dunajská Streda
0%
Sweden Djurgardens
0%
Slovenia Domzale
0%
Kosovo Drita
0%
Belarus Dynamo Brest
0%
Andorra Engordany
0%
Ukraine FC Mariupol
0%
Iceland FH Hafnarfjördur
0%
San Marino Folgore/Falciano
0%
Armenia Gandzasar
0%
Poland Gornik Zabrze
0%
Malta Gzira United
0%
Sweden Häcken
0%
Iceland IBV Vestmannaeyjar
0%
Finland Ilves
0%
Azerbaijan Kesle
0%
Faroe Islands KÍ Klaksvík
0%
Albania Kukësi
0%
Finland KuPS Kuopion
0%
Albania Laçi
0%
San Marino La Fiorita
0%
Estonia Levadia Tallinn
0%
Latvia Liepaja
0%
Albania Luftëtari Gjirokastër
0%
Moldova Milsami Orhei
0%
Estonia Narva Trans
0%
Estonia Nomme Kalju
0%
Faroe Islands NSÍ Runavík
0%
Moldova Petrocub Hincesti
0%
Luxembourg Progres Niedercorn
0%
Luxembourg Racing Union
0%
Montenegro Rudar Pljevlja
0%
Slovenia Rudar Velenje
0%
Gibraltar Saint Josephs
0%
Georgia Samtredia
0%
Andorra Sant Julià
0%
Macedonia Shkupi
0%
Bulgaria Slavia Sofia
0%
Latvia Spartaks Jurmala
0%
Iceland Stjarnan
0%
Lithuania Stumbras
0%
Lithuania Suduva Marijampole
0%
Kazakhstan Tobol Kostanay
0%
Lithuania Trakai
0%
Slovakia Trencin
0%
Iceland Valur Reykjavík
0%
Ukraine Vorskla Poltava
0%
Moldova Zaria Balti
0%
No matching quizzes found
Score Distribution
Percent of People with Each Score
Percentile by Number Answered
Your Score History
You have not taken this quiz since the last reset